<?xml version="1.0" encoding="UTF-8"?>
<record
    xmlns:xsi="http://www.w3.org/2001/XMLSchema-instance"
    xsi:schemaLocation="http://www.loc.gov/MARC21/slim http://www.loc.gov/standards/marcxml/schema/MARC21slim.xsd"
    xmlns="http://www.loc.gov/MARC21/slim">

  <leader>02310ncm a2200361 i 4500</leader>
  <controlfield tag="001">192776</controlfield>
  <controlfield tag="003">SpMaBN</controlfield>
  <controlfield tag="005">20250824011404.0</controlfield>
  <controlfield tag="007">qu</controlfield>
  <controlfield tag="008">230522q2021    sp zad         n    spa  </controlfield>
  <datafield tag="017" ind1=" " ind2=" ">
    <subfield code="a">CO 483-2021</subfield>
    <subfield code="b">Oficina Dep&#xF3;sito Legal C&#xF3;rdoba</subfield>
  </datafield>
  <datafield tag="020" ind1=" " ind2=" ">
    <subfield code="a">9798782076603</subfield>
  </datafield>
  <datafield tag="040" ind1=" " ind2=" ">
    <subfield code="a">SpMaBN</subfield>
    <subfield code="b">spa</subfield>
    <subfield code="c">ES-MaACL</subfield>
    <subfield code="e">rda</subfield>
  </datafield>
  <datafield tag="100" ind1="1" ind2=" ">
    <subfield code="a">Horcas G&#xE1;lvez, Fernando</subfield>
    <subfield code="e">aut</subfield>
    <subfield code="9">193640</subfield>
  </datafield>
  <datafield tag="245" ind1="1" ind2="0">
    <subfield code="a">Cipriano Mart&#xED;nez R&#xFC;cker desconocido /</subfield>
    <subfield code="c">Fernando Horcas G&#xE1;lvez</subfield>
  </datafield>
  <datafield tag="250" ind1=" " ind2=" ">
    <subfield code="a">2&#xAA; edici&#xF3;n ampliada de "Descrubrir a C.M.R."</subfield>
  </datafield>
  <datafield tag="264" ind1=" " ind2="1">
    <subfield code="a">[C&#xF3;rdoba] :</subfield>
    <subfield code="b">Asociaci&#xF3;n Cordobeses por el Mundo,</subfield>
    <subfield code="c">[2021]</subfield>
  </datafield>
  <datafield tag="300" ind1=" " ind2=" ">
    <subfield code="a">417 p&#xE1;ginas :</subfield>
    <subfield code="b">m&#xFA;sica ;</subfield>
    <subfield code="c">30 cm</subfield>
  </datafield>
  <datafield tag="336" ind1=" " ind2=" ">
    <subfield code="a">M&#xFA;sica notada</subfield>
    <subfield code="2">rdacontent</subfield>
  </datafield>
  <datafield tag="337" ind1=" " ind2=" ">
    <subfield code="a">sin mediaci&#xF3;n</subfield>
    <subfield code="2">rdamedia</subfield>
  </datafield>
  <datafield tag="338" ind1=" " ind2=" ">
    <subfield code="a">volumen</subfield>
    <subfield code="2">rdacarrier</subfield>
  </datafield>
  <datafield tag="348" ind1=" " ind2=" ">
    <subfield code="a">partitura vocal</subfield>
  </datafield>
  <datafield tag="382" ind1="0" ind2="1">
    <subfield code="a">voz</subfield>
    <subfield code="a">piano</subfield>
    <subfield code="2">tmibne</subfield>
  </datafield>
  <datafield tag="500" ind1=" " ind2=" ">
    <subfield code="a">&#xCD;ndice</subfield>
  </datafield>
  <datafield tag="520" ind1=" " ind2=" ">
    <subfield code="a">"Del ilustre m&#xFA;sico cordob&#xE9;s Cipriano Mart&#xED;nez R&#xFC;cker se han editado muchas de sus partituras. Otras se conocen m&#xE1;s o menos. Pero en el archivo del Centro Filarm&#xF3;nico de C&#xF3;rdoba Eduardo Lucena&#x201D; tenemos otras que se daban por perdidas y otras m&#xE1;s de las que no se sab&#xED;a ni su existencia. Aqu&#xED; las traemos tratando de explicar lo inexplicable. Las fechas y el lugar en que el m&#xFA;sico las compon&#xED;a son pistas muy valiosas. Se a&#xF1;aden ambientaciones imaginarias de algunas de ellas y de la vida del hombre trabajador incansable y t&#xED;mido, que tanto hizo por la m&#xFA;sica y por la cultura de su C&#xF3;rdoba natal, y por el Conservatorio que fund&#xF3; y dirigi&#xF3;. En 2022 hace 100 a&#xF1;os que el Estado reconoci&#xF3; oficialmente las ense&#xF1;anzas de ese Conservatorio de C&#xF3;rdoba. Ojal&#xE1; que esta publicaci&#xF3;n contribuya a rescatar el aprecio que se merece. Al mismo tiempo hemos querido dibujar su car&#xE1;cter, su bondad, su laboriosidad, su romanticismo. Pero esto no termina aqu&#xED;. Se deja una puerta abierta a nuevos descubrimientos y a nuevos datos de inter&#xE9;s que t&#xFA;, lector o m&#xFA;sico, puedas aportar"</subfield>
  </datafield>
  <datafield tag="600" ind1="1" ind2="4">
    <subfield code="9">193636</subfield>
    <subfield code="a">Mart&#xED;nez R&#xFC;cker, Cipriano,</subfield>
    <subfield code="d">1861-1924</subfield>
  </datafield>
  <datafield tag="655" ind1=" " ind2="0">
    <subfield code="a">Zarzuelas</subfield>
    <subfield code="9">193637</subfield>
  </datafield>
  <datafield tag="655" ind1=" " ind2="0">
    <subfield code="a">Partituras vocales</subfield>
    <subfield code="9">193638</subfield>
  </datafield>
  <datafield tag="852" ind1=" " ind2=" ">
    <subfield code="a">ES-MaACL </subfield>
    <subfield code="b">R. 153289</subfield>
    <subfield code="c">DEPOJ</subfield>
    <subfield code="h">Donaci&#xF3;n: Editorial </subfield>
    <subfield code="j">N-8369</subfield>
  </datafield>
  <datafield tag="942" ind1=" " ind2=" ">
    <subfield code="2">udc</subfield>
    <subfield code="c">PARTITURA</subfield>
    <subfield code="n">0</subfield>
  </datafield>
  <datafield tag="999" ind1=" " ind2=" ">
    <subfield code="c">192776</subfield>
    <subfield code="d">192776</subfield>
  </datafield>
  <datafield tag="952" ind1=" " ind2=" ">
    <subfield code="0">0</subfield>
    <subfield code="1">0</subfield>
    <subfield code="2">udc</subfield>
    <subfield code="4">0</subfield>
    <subfield code="7">0</subfield>
    <subfield code="8">Musica_impresa</subfield>
    <subfield code="a">ATENEOM</subfield>
    <subfield code="b">ATENEOM</subfield>
    <subfield code="c">DEPOJ</subfield>
    <subfield code="d">2022-03-10</subfield>
    <subfield code="e">DONACION</subfield>
    <subfield code="l">0</subfield>
    <subfield code="o">N-8369</subfield>
    <subfield code="p">101205353</subfield>
    <subfield code="r">2023-05-22 00:00:00</subfield>
    <subfield code="y">MONOGRAFIA</subfield>
  </datafield>
</record>
